000
00279nam a2200109Ia 4500
008
191201s2010 xx 000 0 und d
100
_a
KUMAR, A
245
0
_a
Workshop Technology Part-I
260
_c
2010
_b
Dhanpat Rai Pubns (P) Ltd
_a
NEW DELHI
300
_a
misc.
942
_2
ddc
_c
BK
999
_c
8110
_d
8110